I Can Do It With A Broken Heart (ALL LYRICS) - Statistics

General Stats
  • This quiz has been taken 10 times
  • The average score is 336 of 378
Answer Stats
Lyrics Answer % Correct
a
100%
act
100%
all
100%
All
100%
am
100%
an
100%
and
100%
And
100%
art
100%
birthday
100%
broken
100%
But
100%
but
100%
can
100%
Pre-Chorus ‘Cause
100%
Pre-Chorus 'Cause
100%
crowd
100%
cry
100%
depressed
100%
did
100%
did!
100%
do
100%
Even
100%
even
100%
every
100%
everyday
100%
fake
100%
good
100%
good.
100%
He
100%
he
100%
heart.
100%
heart
100%
her
100%
him
100%
Verse 1 | Verse 2 I
100%
I’m
100%
I'm
100%
it
100%
it”
100%
it"
100%
it’s
100%
its
100%
know
100%
lights
100%
lights.
100%
Lights,
100%
like
100%
lot
100%
make
100%
me
100%
“MORE!”
100%
"MORE!"
100%
my
100%
obssessed
100%
plague.
100%
plague
100%
productive
100%
read
100%
said
100%
“She’s
100%
so
100%
the
100%
They
100%
to
100%
too
100%
was
100%
when
100%
with
100%
you
100%
You
100%
your
100%
you’re
100%
you're
100%
as
86%
avoids
86%
“Babe
86%
"Babe
86%
camera,
86%
down
86%
floor
86%
for
86%
handle
86%
his
86%
hit
86%
hitting
86%
in
86%
In
86%
kid
86%
life.”
86%
life
86%
love
86%
mind
86%
of
86%
real
86%
short
86%
show
86%
smile!
86%
til
86%
want
86%
winning
86%
been
71%
bitch,
71%
Breaking
71%
breaking
71%
chanting
71%
die
71%
having
71%
he’d
71%
he'd
71%
marks
71%
no
71%
(One,
71%
one
71%
pieces
71%
shattered
71%
shit
71%
that
71%
this
71%
three,
71%
time
71%
tough
71%
two,
71%
breath
57%
come
57%
doing
57%
four!)
57%
glittering
57%
gotta
57%
grinning
57%
hold
57%
I've
57%
job.
57%
knows!
57%
left
57%
miserable!
57%
night
57%
sequin
57%
since
57%
There
57%
Try
57%
miles
43%
prime
43%
quite
43%
silhouette
43%
stars
43%
stilettos
43%
whole
43%
Crucial
29%
drawers
29%
evidence
29%
finding
29%
imagine
29%
keep
29%
off
29%
pass
29%
refract
29%
sure
29%
test
29%
thing
29%
things
29%
didn't
14%
No matching quizzes found
Score Distribution
Percent of People with Each Score
Percentile by Number Answered
Your Score History
You have not taken this quiz